000 00913nam0a22002651 4500
001 rc\2933161
005 20250806211453.0
035 _a(NLR Aleph) 007082438
090 _a17391
_c17391
100 _a20110820d1943 u y0rusy50 ca
101 0 _arus
102 _aRU
105 _aa z |||||
200 1 _aУсиление фартучных накладок затяжками
_fВсесоюз. науч.-иссед. ин-т ж.-д. транспорта
210 _aМосква
_cТрансжелдориздат
_d1943
215 _a52 стр.
_cил., черт.
_d19х26 см
320 _aБиблиогр.: с. 23
700 1 _aЗверев
_bБ.Н.
_gБорис Николаевич
801 0 _aRU
_bNLR
_gpsbo
801 1 _aRU
_bELAR
_2rusmarc
852 _aNLR
_jТ88 Г-4/85
942 _cBOOK
945 _aРоссийская национальная библиотека
980 _aNB
980 _aBV